000 00392nam a2200157 i 4500
001 bg
100 1 _aTOCHTERMANN,
245 0 _aKonstruktionselemente des Maschinenbaues /
_cTochtermann, Bodenstein. T.2.
250 _a8 neubearb. Aufl.
260 _aBerlin,
_c1962.
700 1 _aBODENSTEIN,
040 _cBPK
041 _apol
942 _cKS
008 s pl f |000 0 pol
999 _c9027
_d9027
856 _uhttp://koha.tu.koszalin.pl/cgi-bin/koha/opac-detail.pl?biblionumber=9027
_yKatalog online BPK